header

The bees of the world (Record no. 30094)

MARC details
000 -LEADER
fixed length control field 01232nam a2200313 a 4500
082 04 - DEWEY DECIMAL CLASSIFICATION NUMBER
Classification number 595.79/9
100 1# - MAIN ENTRY--AUTHOR NAME
Personal name Michener, Charles Duncan,
245 14 - TITLE STATEMENT
Title The bees of the world
250 ## - EDITION STATEMENT
Edition statement 2nd ed.
260 ## - PUBLICATION, DISTRIBUTION, ETC. (IMPRINT)
Place of publication Baltimore :
Name of publisher Johns Hopkins University Press,
Year of publication 2007.
300 ## - PHYSICAL DESCRIPTION
Number of Pages xvi, 953 p., 20 p. of plates :
Other physical details ill. (some col.).
650 #0 - SUBJECT ADDED ENTRY--TOPICAL TERM
Topical Term Bees
856 40 - ELECTRONIC LOCATION AND ACCESS
Uniform Resource Identifier http://site.ebrary.com/lib/rucke/Doc?id=10256386

No items available.

© 2026 Rongo University
Contact us: librarian | system librarian | Rongo university